Experimental Metaphysics (Record no. 62441)
[ view plain ]
| 000 -LEADER | |
|---|---|
| fixed length control field | 01720nam a2200193Ii 4500 |
| 008 - FIXED-LENGTH DATA ELEMENTS--GENERAL INFORMATION | |
| fixed length control field | 221202s xx 000 0 und d |
| 245 #0 - TITLE STATEMENT | |
| Title | Experimental Metaphysics |
| 264 #1 - PRODUCTION, PUBLICATION, DISTRIBUTION, MANUFACTURE, AND COPYRIGHT NOTICE | |
| Place of production, publication, distribution, manufacture | London |
| Name of producer, publisher, distributor, manufacturer | Bloomsbury Academic |
| Date of production, publication, distribution, manufacture, or copyright notice | 2017 |
| 300 ## - PHYSICAL DESCRIPTION | |
| Extent | 1 online resource (224 pages) |
| 336 ## - CONTENT TYPE | |
| Content type term | text |
| Content type code | txt |
| Source | rdacontent |
| 337 ## - MEDIA TYPE | |
| Media type term | computer |
| Media type code | c |
| Source | rdamedia |
| 338 ## - CARRIER TYPE | |
| Carrier type term | online resource |
| Carrier type code | cr |
| Source | rdacarrier |
| 490 ## - SERIES STATEMENT | |
| Series statement | Advances in Experimental Philosophy |
| 520 ## - SUMMARY, ETC. | |
| Summary, etc. | Metaphysics, almost entirely neglected by experimental philosophers, is the central focus of Experimental Metaphysics. The volume brings together a range of views aimed at addressing the question of how cognitive science might be relevant to metaphysics. With contributions from cognitive scientists and philosophers, chapters focus on theoretical and empirical issues involving the potential role of cognitive science in metaphysics. Alongside topics such as free will, objects and causation, in which relevant empirical evidence is discussed and connected to relevant metaphysical issues, more programmatic papers explore theoretical issues centered on the connection between cognitive science and metaphysics. This balanced approach exposes metaphysicians to philosophically relevant work in cognitive science, while showing cognitive scientists the ways in which their work might be important for philosophers. Presenting cutting-edge empirical and theoretical research, Experimental Metaphysics pushes forward the discussion and encourages further engagement with issues at the intersection of cognitive science and metaphysics. |
| 653 ## - INDEX TERM--UNCONTROLLED | |
| Uncontrolled term | Metaphysics |
| 700 1# - ADDED ENTRY--PERSONAL NAME | |
| Personal name | Rose, David |
| 856 ## - ELECTRONIC LOCATION AND ACCESS | |
| Uniform Resource Identifier | <a href="https://library.oapen.org/handle/20.500.12657/49426">https://library.oapen.org/handle/20.500.12657/49426</a> |
| 942 ## - ADDED ENTRY ELEMENTS (KOHA) | |
| Koha item type | E-Book |
| Withdrawn status | Damaged status | Not for loan | Home library | Current library | Date acquired | Total Checkouts | Date last seen | Price effective from | Koha item type |
|---|---|---|---|---|---|---|---|---|---|
| Directory of Open Access Books | Directory of Open Access Books | 11/28/2022 | 11/28/2022 | 11/28/2022 | E-Book |